LEADER 01257nam a2200289 4500 001 000000364820 003 CaOOAMICUS 005 20251028091139.0 008 251024s1996 it 000 u ita r 020 $a88-348-4212-X 040 $aSeMil$bita 100 1 $aFinnis, John,$d <1940- >.$0(OLS)http://semarc/name/24885 240 10$aNatural law and natural rights.$0(OLS)http://semarc/title/456306 245 10$aLegge naturale e diritti naturali /$cJohn M. Finnis ; a cura di Francesco Viola. 264 1$aTorino :$bGiappichelli,$c1996. 300 $aXXXI, 470 p. ;$c23 cm 490 1 $aRecta ratio. 2. serie ;$v14 650 4$aDiritto naturale.$0(OLS)http://semarc/subject/788 700 1 $aViola, Francesco,$d <1942- >.$0(OLS)http://semarc/name/4019 830 0$aRecta ratio. 2. serie ;$v14.$0(OLS)http://semarc/title/456308 850 $aSeMil 852 $aSeMil$W1$xVenegono$y1$m2G VI 35$j263860$B255641$CSeMilBibl$Z2$F255641 $81 961 $aBuzzi mons. Franco - Omaggio 996 $6020$a88-348-4212-X$9(OLS)http://semarc/number/304408 996 $6245$aLegge naturale e diritti naturali$9(OLS)http://semarc/title/456307 996 $6264$aTorino :$bGiappichelli$9(OLS)http://semarc/publisher/31793 LEADER 00683nam a2200181 i 4500 001 000000200304 003 CaOOAMICUS 005 20110407000000.0 008 110407n it u000 u ita u 013 $a179002 040 $aSeMil$bita 100 1 $aPazzini, Adalberto.$0(OLS)http://semarc/name/10938 245 10$aDal 17. secolo ai nostri giorni. 300 $aVI, 707 p. :$bill. 773 0 $aPazzini, Adalberto$tStoria della medicina.$dMilano : Società Editrice Libraria, 1947.$gVol.2$w()24695 850 $aSeMil 852 $aSeMil$W1$xVenegono$y1$m3XP III 13$j150833$B150833$CSeMilBibl$Z2$F162150 $81 996 $6245$aDal 17. secolo ai nostri giorni$9(OLS)http://semarc/title/289652